000 00609nam a22001697a 4500
008 160513b xxu||||| |||| 00| 0 eng d
020 _a9715504353
082 _22003
_aDFil 720.09599
_bL61
100 _98138
_aLico, Gerard
245 _aEdifice complex:
_bpower, myth and Marcos state architecture/
_cGerard Lico.
260 _aManila:
_bAteneo De Manila University Press,
_cc2003.
300 _axvi,179 pages:
_billustrations;
_c23 cm.
500 _aIncludes bibliographical references and index.
650 0 _98139
_aArchitecture and state
_zPhilippines
365 _b291.50
_cPhp
942 _2ddc
_cDFIL
999 _c2463
_d2463